Statistics for Korn Charting Songs (Billboard Hot Rock)

Click here to take the quiz!

General Stats

  • This quiz has been taken 5 times
  • The average score is 3 of 11

Answer Stats

AlbumWeeks OnPeakArtist(s)Song% Correct
The Nothing8 Weeks#39KornCan You Hear Me
100%
The Nothing18 Weeks#27KornYou'll Never Find Me
67%
The Nothing2 Weeks#39KornCold
67%
The Serenity of Suffering16 Weeks#20KornRotting in Vain
33%
The Path of Totality20 Weeks#15Korn ft. Skrillex & Kill The NoiseNarcissistic Cannibal
0%
The Path of Totality20 Weeks#21Korn ft. SkrillexGet Up!
0%
Korn III: Remember Who You Are11 Weeks#26KornOildale (Leave Me Alone)
0%
The Paradigm Shift20 Weeks#30KornNever Never
0%
The Serenity of Suffering1 Week#37KornInsane
0%
The Serenity of Suffering5 Weeks#42KornTake Me
0%
The Paradigm Shift1 Week#45KornHater
0%

Score Distribution

Percentile by Number Answered

Percent of People with Each Score

Your Score History

You have not taken this quiz